[Event "Calvia Amateur op 17th"]
[Site "Calvia"]
[Date "2020.10.13"]
[Round "4"]
[White "Rodriguez Yague, Fermin"]
[Black "Baldo Company, Jordi"]
[Result "1-0"]
[WhiteElo "1544"]
[BlackElo "1565"]
[PlyCount "48"]
[EventDate "2020.10.10"]
[EventType "swiss"]
[EventRounds "9"]
[EventCountry "ESP"]
[SourceTitle "CBM 198 Extra"]
[Source "ChessBase"]
[SourceDate "2020.11.30"]
[SourceVersion "1"]
[SourceVersionDate "2020.11.30"]
[SourceQuality "1"]

1. e4 c5 2. Nf3 d6 3. Nc3 Nf6 4. Bb5+ Bd7 5. a4 a6 6. Bc4 Nc6 7. d4 cxd4 8. Nxd4 g6 9. 0-0 Bg7 10. Nde2 0-0 11. h3 Ne5 12. Bb3 Qc8 13. f4 Qc5+ 14. Qd4 Qxd4+ 15. Nxd4 Nc6 16. Nf3 Rac8 17. a5 Nb4 18. e5 dxe5 19. fxe5 Ne8 20. Bg5 Nc7 21. Bxe7 Nxc2 22. Bxc2 Rfe8 23. Bd6 Nb5 24. Ba4 Rc4 1-0

[Event "Calvia Amateur op 17th"]
[Site "Calvia"]
[Date "2020.10.11"]
[Round "2"]
[White "Rodriguez Yague, Fermin"]
[Black "Altarriba Gracia, Sergio"]
[Result "0-1"]
[WhiteElo "1544"]
[BlackElo "2007"]
[PlyCount "82"]
[EventDate "2020.10.10"]
[EventType "swiss"]
[EventRounds "9"]
[EventCountry "ESP"]
[SourceTitle "CBM 198 Extra"]
[Source "ChessBase"]
[SourceDate "2020.11.30"]
[SourceVersion "1"]
[SourceVersionDate "2020.11.30"]
[SourceQuality "1"]

1. e4 c5 2. Nf3 g6 3. Nc3 Bg7 4. d4 cxd4 5. Nxd4 Nc6 6. Be3 Nf6 7. Be2 0-0 8. Qd2 d5 9. exd5 Nb4 10. 0-0 Nbxd5 11. Nxd5 Nxd5 12. c3 Nxe3 13. Qxe3 Qb6 14. Rab1 e5 15. Nb3 Qxe3 16. fxe3 Bh6 17. e4 Be6 18. Rbd1 a5 19. Ra1 Rfd8 20. Rfd1 a4 21. Nc1 Bxc1 22. Raxc1 Bxa2 23. Rxd8+ Rxd8 24. Rd1 Rxd1+ 25. Bxd1 Bb1 26. Bf3 Kf8 27. Kf2 Ke7 28. Ke3 Kd6 29. g4 g5 30. Be2 Kc5 31. Bf1 b5 32. Be2 Bc2 33. Bf3 Kc4 34. Kd2 Kb3 35. Kc1 Bd3 36. Bd1+ Kc4 37. Bf3 a3 38. bxa3 Kxc3 39. Kd1 Kd4 40. Kd2 Bxe4 41. Be2 Bc6 0-1

[Event "Collado Villalba op-A 36th"]
[Site "Collado Villalba"]
[Date "2019.08.29"]
[Round "7"]
[White "Cuellar Gutierrez, Raul"]
[Black "Rodriguez Yague, Fermin"]
[Result "1-0"]
[WhiteElo "1995"]
[BlackElo "1639"]
[PlyCount "57"]
[EventDate "2019.08.23"]
[EventType "swiss"]
[EventRounds "9"]
[EventCountry "ESP"]
[SourceTitle "CBM 192 Extra"]
[Source "Chessbase"]
[SourceDate "2019.11.06"]
[SourceVersion "1"]
[SourceVersionDate "2019.11.06"]
[SourceQuality "1"]

1. d4 Nf6 2. Nf3 g6 3. g3 Bg7 4. Bg2 c6 5. 0-0 0-0 6. c4 d6 7. Nc3 Nbd7 8. e4 e5 9. Re1 Ne8 10. Bg5 f6 11. Be3 g5 12. c5 dxc5 13. dxe5 Qc7 14. exf6 Bxf6 15. Nxg5 Bxg5 16. Bxg5 Ne5 17. Bf4 Qg7 18. Bxe5 Qxe5 19. f4 Qd4+ 20. Kh1 Qxd1 21. Raxd1 Bg4 22. Rd2 Ng7 23. h3 Be6 24. f5 Bxf5 25. exf5 Nxf5 26. Kh2 Nd4 27. Re7 b5 28. Ne4 Rfd8 29. Rf2 1-0

[Event "Collado Villalba op-A 36th"]
[Site "Collado Villalba"]
[Date "2019.08.26"]
[Round "4"]
[White "Fernandez Estremera, Fernando"]
[Black "Rodriguez Yague, Fermin"]
[Result "1-0"]
[WhiteElo "1944"]
[BlackElo "1639"]
[PlyCount "117"]
[EventDate "2019.08.23"]
[EventType "swiss"]
[EventRounds "9"]
[EventCountry "ESP"]
[SourceTitle "CBM 192 Extra"]
[Source "Chessbase"]
[SourceDate "2019.11.06"]
[SourceVersion "1"]
[SourceVersionDate "2019.11.06"]
[SourceQuality "1"]

1. d4 Nf6 2. Nc3 c5 3. d5 d6 4. e4 Nbd7 5. Nf3 a6 6. a4 g6 7. Bd3 Bg7 8. h3 0-0 9. 0-0 Ne8 10. Bf4 f6 11. Qd2 Ne5 12. Nxe5 fxe5 13. Be3 b6 14. Rfb1 Qc7 15. b3 Nf6 16. Be2 Bd7 17. Ra3 Rf7 18. Qd3 a5 19. Bf3 Raf8 20. Ne2 Ne8 21. Kh2 Qc8 22. Ng1 Nc7 23. c3 Na6 24. Be2 Nc7 25. b4 h5 26. Nf3 Qa8 27. Rb2 Rb8 28. Qb1 Rff8 29. bxc5 bxc5 30. Bb5 Nxb5 31. axb5 Rb6 32. c4 Qc8 33. Ng5 Rf6 34. Rxa5 Bh6 35. Rba2 Bxg5 36. Bxg5 Rf7 37. Ra8 Rb8 38. Qa1 Kg7 39. Rxb8 Qxb8 40. Ra8 Qb7 41. Ra7 Qc8 42. Ra8 Qb7 43. f3 Bxb5 44. Ra7 Qb6 45. cxb5 Qxb5 46. Rxe7 Rxe7 47. Bxe7 Qd7 48. Bg5 c4 49. Qc3 Qb5 50. Bd2 Kf7 51. Qb4 Qa6 52. Qb8 g5 53. Bxg5 c3 54. Qd8 c2 55. Qf6+ Kg8 56. Qg6+ Kf8 57. Qh7 h4 58. Qe7+ Kg8 59. Bh6 1-0

[Event "Alcudia Belleuve"]
[Site "Alcudia"]
[Date "2012.10.18"]
[Round "5.28"]
[White "Rodriguez Yague, Fermin"]
[Black "Dominguez Marquez, Juan Carlos"]
[Result "0-1"]
[WhiteElo "1759"]
[BlackElo "1718"]
[PlyCount "46"]
[EventDate "2012.10.14"]
[EventType "swiss"]
[EventRounds "9"]
[EventCountry "ESP"]
[SourceTitle "EXT 2024"]
[Source "ChessBase"]
[SourceDate "2023.10.10"]
[SourceVersion "1"]
[SourceVersionDate "2023.10.10"]
[SourceQuality "1"]

1. e4 c5 2. Nf3 d6 3. d4 cxd4 4. Nxd4 Nf6 5. Nc3 a6 6. Bg5 e6 7. Qd2 Be7 8. f4 Nc6 9. 0-0-0 Qc7 10. Be2 b5 11. Nxc6 Qxc6 12. Bf3 Nd7 13. Bxe7 Kxe7 14. Rhe1 Nb6 15. f5 h6 16. Nd5+ Kf8 17. Nxb6 Qxb6 18. Qxd6+ Qxd6 19. Rxd6 Ke7 20. Rd4 Ra7 21. fxe6 Bxe6 22. Red1 Rc8 23. e5 Rc5 0-1

[Event "Alcudia Belleuve"]
[Site "Alcudia"]
[Date "2012.10.16"]
[Round "3.24"]
[White "Rodriguez Yague, Fermin"]
[Black "Diez Jover, Alberto"]
[Result "1/2-1/2"]
[WhiteElo "1759"]
[BlackElo "1891"]
[PlyCount "170"]
[EventDate "2012.10.14"]
[EventType "swiss"]
[EventRounds "9"]
[EventCountry "ESP"]
[SourceTitle "EXT 2024"]
[Source "ChessBase"]
[SourceDate "2023.10.10"]
[SourceVersion "1"]
[SourceVersionDate "2023.10.10"]
[SourceQuality "1"]

1. e4 c5 2. Nf3 e6 3. d4 cxd4 4. Nxd4 a6 5. Nc3 d6 6. Be2 Nf6 7. 0-0 Be7 8. Be3 Qc7 9. f4 b5 10. a3 Bb7 11. Bf3 Nbd7 12. Bf2 0-0 13. g4 Nc5 14. Qe2 d5 15. exd5 Nxd5 16. Nxd5 Bxd5 17. Bg3 Bc4 18. Qf2 Bxf1 19. Bxa8 Rxa8 20. Rxf1 Rd8 21. Re1 Bf6 22. Rd1 Ne4 23. Qe3 Nxg3 24. hxg3 g6 25. c3 Rd5 26. g5 Bg7 27. Rd2 Qb6 28. Kf2 e5 29. Nf3 Rxd2+ 30. Nxd2 Qc7 31. Kf3 h5 32. Ne4 exf4 33. gxf4 Qd7 34. Nf2 Qd5+ 35. Kg3 Kh7 36. Qd3 Qxd3+ 37. Nxd3 Bf8 38. Ne5 Kg7 39. c4 bxc4 40. Nxc4 f6 41. b4 fxg5 42. fxg5 Be7 43. Kh4 Bd8 44. Ne5 Bc7 45. Nd7 Kf7 46. Nc5 a5 47. bxa5 Bxa5 48. Ne4 Be1+ 49. Kh3 Ke6 50. a4 Kf5 51. Nd6+ Kxg5 52. Nb7 Kf4 53. a5 g5 54. a6 Bf2 55. Kg2 Ba7 56. Nd6 g4 57. Nb5 Bc5 58. Nc3 h4 59. Nd5+ Ke4 60. Nc3+ Kd4 61. Ne2+ Ke3 62. Ng1 Ke4 63. Ne2 Kd5 64. Nf4+ Kc6 65. Nh3 Kb6 66. Ng5 Kxa6 67. Ne6 Be3 68. Ng7 Kb5 69. Nf5 Bg5 70. Nd4+ Kc4 71. Nf3 Bf6 72. Nh2 g3 73. Kf3 Kd3 74. Ng4 Bg7 75. Nh2 Kd2 76. Ng4 Ke1 77. Nh2 Be5 78. Kg2 Ke2 79. Nf3 Bf6 80. Nh2 Be5 81. Ng4 Bb8 82. Nh2 h3+ 83. Kxh3 Kf2 84. Ng4+ Kg1 85. Ne3 Kh1 1/2-1/2

[Event "ESP-ch 74th"]
[Site "Palma de Mallorca"]
[Date "2009.09.30"]
[Round "5"]
[White "Rodriguez Yague, Fermin"]
[Black "Redondo Pomar, Antonio"]
[Result "0-1"]
[WhiteElo "1796"]
[BlackElo "1955"]
[PlyCount "58"]
[EventDate "2009.09.26"]
[EventType "swiss"]
[EventRounds "9"]
[EventCountry "ESP"]
[SourceTitle "CBM 132 Extra"]
[Source "ChessBase"]
[SourceDate "2009.11.03"]
[SourceVersion "1"]
[SourceVersionDate "2009.11.03"]
[SourceQuality "1"]

1. e4 c5 2. Nf3 e6 3. d4 cxd4 4. Nxd4 Nf6 5. Nc3 Nc6 6. Be2 Bb4 7. Bf3 d5 8. Nxc6 bxc6 9. exd5 cxd5 10. Bd2 Rb8 11. 0-0 0-0 12. a3 Bd6 13. Rb1 Ba6 14. Re1 Qc7 15. g3 Nd7 16. Bg2 Ne5 17. Bf4 Nc4 18. Bxd6 Qxd6 19. Qc1 Rfc8 20. Nd1 Qb6 21. b3 Qa5 22. Ne3 Nxa3 23. Rb2 Nb5 24. Bf1 Nd4 25. Bxa6 Nf3+ 26. Kh1 Qxa6 27. Rd1 Qb7 28. Nf1 d4 29. Kg2 Ng5+ 0-1

[Event "ESP-ch op"]
[Site "Leon"]
[Date "2006.11.30"]
[Round "9"]
[White "Marcos Robles, Juan Antonio"]
[Black "Rodriguez Yague, Fermin"]
[Result "1-0"]
[WhiteElo "1728"]
[BlackElo "1842"]
[PlyCount "79"]
[EventDate "2006.11.22"]
[EventType "swiss"]
[EventRounds "9"]
[EventCountry "ESP"]
[SourceTitle "CBM 115 Extra"]
[Source "ChessBase"]
[SourceDate "2007.01.10"]
[SourceVersion "1"]
[SourceVersionDate "2007.01.10"]
[SourceQuality "1"]

1. e4 c5 2. Nf3 Nc6 3. Bb5 e6 4. d4 cxd4 5. Nxd4 Nge7 6. 0-0 a6 7. Be2 Nxd4 8. Qxd4 Nc6 9. Qd3 Nb4 10. Qb3 Qc7 11. c3 Nc6 12. Nd2 Bc5 13. Nf3 b5 14. c4 b4 15. Be3 Na5 16. Qd3 Bxe3 17. Qxe3 Bb7 18. b3 Nc6 19. e5 Ne7 20. Ng5 Nf5 21. Qf4 h6 22. Nf3 g5 23. Qd2 g4 24. Nd4 Qxe5 25. Nxf5 Qxf5 26. Rad1 Bc6 27. f3 Qc5+ 28. Kh1 gxf3 29. Bxf3 a5 30. Bxc6 Qxc6 31. Qf4 f5 32. Rfe1 Rg8 33. Re2 0-0-0 34. Rd6 Qb7 35. Qe5 Qa7 36. Qb5 Kc7 37. Red2 Kc8 38. Ra6 Qb7 39. Qc5+ Qc7 40. Ra8+ 1-0

[Event "ESP-ch op"]
[Site "Leon"]
[Date "2006.11.29"]
[Round "8"]
[White "Rodriguez Yague, Fermin"]
[Black "Montolio Benedicto, Cesar"]
[Result "0-1"]
[WhiteElo "1842"]
[BlackElo "2067"]
[PlyCount "134"]
[EventDate "2006.11.22"]
[EventType "swiss"]
[EventRounds "9"]
[EventCountry "ESP"]
[SourceTitle "CBM 115 Extra"]
[Source "ChessBase"]
[SourceDate "2007.01.10"]
[SourceVersion "1"]
[SourceVersionDate "2007.01.10"]
[SourceQuality "1"]

1. e4 e5 2. Nf3 Nc6 3. d4 exd4 4. Nxd4 Nf6 5. Nxc6 bxc6 6. e5 Qe7 7. Qe2 Nd5 8. c4 Ba6 9. b3 Nb6 10. Ba3 Qe6 11. Bxf8 Rxf8 12. g3 0-0-0 13. Nc3 f6 14. f4 fxe5 15. Qxe5 Qxe5+ 16. fxe5 Rde8 17. 0-0-0 Rxe5 18. Bh3 Kd8 19. a4 Bc8 20. Rhf1 Rxf1 21. Rxf1 Ke7 22. Bg4 d6 23. Bxc8 Nxc8 24. Kd2 Nb6 25. Rf3 a5 26. Re3 Rxe3 27. Kxe3 Ke6 28. Ke4 Nd7 29. Kd3 Nc5+ 30. Kc2 d5 31. cxd5+ cxd5 32. Nb5 c6 33. Nd4+ Kd7 34. Kc3 Ne4+ 35. Kd3 c5 36. Nf5 g6 37. Ne3 Ke6 38. Ng4 Nf6 39. Ne3 Ke5 40. Nc2 Ng4 41. h4 h5 42. Ne1 Nf2+ 43. Ke3 Ne4 44. Nd3+ Kd6 45. Nf4 Nxg3 46. Nxg6 Nf5+ 47. Kd3 Kc6 48. Nf4 Nxh4 49. Nxh5 Ng6 50. Ng3 Kd6 51. Ne2 Ne5+ 52. Kc3 Nc6 53. Nf4 Ne5 54. Ne2 d4+ 55. Kd2 Kd5 56. Nf4+ Ke4 57. Ne6 c4 58. bxc4 Nxc4+ 59. Kc1 d3 60. Nc5+ Kd4 61. Nxd3 Kxd3 62. Kb1 Kc3 63. Ka2 Kb4 64. Ka1 Kxa4 65. Ka2 Kb4 66. Kb1 Kb3 67. Ka1 Ne3 0-1